<?xml version="1.0" encoding="UTF-8"?>
<record
    xmlns:xsi="http://www.w3.org/2001/XMLSchema-instance"
    xsi:schemaLocation="http://www.loc.gov/MARC21/slim http://www.loc.gov/standards/marcxml/schema/MARC21slim.xsd"
    xmlns="http://www.loc.gov/MARC21/slim">

  <leader>00981cam a22002891  4500</leader>
  <controlfield tag="001">sa 66007290 </controlfield>
  <controlfield tag="003">DLC</controlfield>
  <controlfield tag="005">20260227112303.0</controlfield>
  <controlfield tag="008">910830s1965    ii ae         000 0 sano </controlfield>
  <datafield tag="010" ind1=" " ind2=" ">
    <subfield code="a">sa 66007290 </subfield>
  </datafield>
  <datafield tag="035" ind1=" " ind2=" ">
    <subfield code="a">(OCoLC)24317469</subfield>
  </datafield>
  <datafield tag="040" ind1=" " ind2=" ">
    <subfield code="a">DLC</subfield>
    <subfield code="c">WaU</subfield>
    <subfield code="d">DLC</subfield>
  </datafield>
  <datafield tag="041" ind1="0" ind2=" ">
    <subfield code="a">sanhin</subfield>
  </datafield>
  <datafield tag="042" ind1=" " ind2=" ">
    <subfield code="a">premarc</subfield>
  </datafield>
  <datafield tag="043" ind1=" " ind2=" ">
    <subfield code="a">a-ii---</subfield>
  </datafield>
  <datafield tag="050" ind1="0" ind2="0">
    <subfield code="a">NA6002</subfield>
    <subfield code="b">.S9 1965</subfield>
  </datafield>
  <datafield tag="100" ind1="0" ind2=" ">
    <subfield code="a">S&#x16B;tradh&#x101;ra Ma&#x1E47;&#x1E0D;ana,</subfield>
    <subfield code="d">active 16th century.</subfield>
  </datafield>
  <datafield tag="245" ind1="1" ind2="0">
    <subfield code="a">S&#x16B;tradh&#x101;ra N&#x101;thaj&#x12B; viracita V&#x101;stuma&#xF1;jary&#x101;ntargata Pr&#x101;s&#x101;dama&#xF1;jari.</subfield>
    <subfield code="b">Prasadamanjari,</subfield>
    <subfield code="c">by Sutradhara Nathji.</subfield>
  </datafield>
  <datafield tag="260" ind1=" " ind2=" ">
    <subfield code="c">1965.</subfield>
  </datafield>
  <datafield tag="300" ind1=" " ind2=" ">
    <subfield code="a">34, 92 p.</subfield>
    <subfield code="b">illus., plans.</subfield>
    <subfield code="c">26 cm.</subfield>
  </datafield>
  <datafield tag="500" ind1=" " ind2=" ">
    <subfield code="a">Hindi and Sanskrit; introductory matter and commentary in Hindi.</subfield>
  </datafield>
  <datafield tag="650" ind1=" " ind2="0">
    <subfield code="a">Temples</subfield>
    <subfield code="z">India.</subfield>
  </datafield>
  <datafield tag="650" ind1=" " ind2="0">
    <subfield code="a">Architecture</subfield>
    <subfield code="x">Early works to 1800.</subfield>
  </datafield>
  <datafield tag="700" ind1="1" ind2=" ">
    <subfield code="a">Somapur&#x101;, Prabh&#x101;&#x15B;a&#x1E45;kara Ogha&#x1E0D;abh&#x101;&#x12B;,</subfield>
    <subfield code="d">1896-</subfield>
    <subfield code="t">Suprabha.</subfield>
  </datafield>
  <datafield tag="740" ind1="0" ind2=" ">
    <subfield code="a">V&#x101;stuma&#xF1;jary&#x101;ntargata Pr&#x101;s&#x101;dama&#xF1;jar&#x12B;.</subfield>
  </datafield>
  <datafield tag="740" ind1="0" ind2=" ">
    <subfield code="a">Pr&#x101;s&#x101;dama&#xF1;jar&#x12B;.</subfield>
  </datafield>
  <datafield tag="999" ind1=" " ind2=" ">
    <subfield code="c">71069</subfield>
    <subfield code="d">71069</subfield>
  </datafield>
</record>
